书目信息 |
| 题名: |
量子化
|
|
| 作者: | 朴权 著 ;黄艳涛 译 | |
| 分册: | ||
| 出版信息: | 北京 中译出版社 2022.06 |
|
| 页数: | XV, 244页 | |
| 开本: | 23cm | |
| 丛书名: | ||
| 单 册: | ||
| 中图分类: | O413.1 | |
| 科图分类: | ||
| 主题词: | 量子力学--liang zi li xue | |
| 电子资源: | ||
| ISBN: | 978-7-5001-7097-6 | |
| 000 | 01286nam0 2200253 450 | |
| 001 | 26971 | |
| 005 | 20220920201324.98 | |
| 010 | @a978-7-5001-7097-6@dCNY68.00 | |
| 100 | @a20220815d2022 em y0chiy50 ea | |
| 101 | 1 | @achi@ckor |
| 102 | @aCN@b110000 | |
| 105 | @aa z 000yy | |
| 200 | 1 | @a量子化@Aliang zi hua@e量子如何改变世界@f(韩) 朴权著@g黄艳涛译 |
| 210 | @a北京@c中译出版社@d2022.06 | |
| 215 | @aXV, 244页@c图@d23cm | |
| 314 | @a朴权, 韩国理论物理学家, 毕业于韩国首尔大学, 获得物理学学士学位, 之后在美国纽约州立大学石溪分校获得了物理学硕士和博士学位。黄艳涛, 女, 毕业于延边大学人文社会科学学院朝鲜语系。现任山东省威海市翻译中心主任、威海市翻译协会副会长、山东大学 (威海) 东北亚学院朝鲜语口译专业校外导师。 | |
| 330 | @a通过阅读本书中关于现代物理学的根基、物质的构成和计算机等有趣的故事, 可以看到不拘泥于教科书的现代量子物理学所呈现的生动世界观, 并体会到深藏于作者内心深处的、关于生命之谜的乐趣。愿读者在阅读、思考和探索的同时, 可以尽情地体验宇宙、物理和人生的奥秘。书中的插图均由作者亲手绘制。 | |
| 517 | 1 | @a量子如何改变世界@Aliang zi ru he gai bian shi jie |
| 606 | 0 | @a量子力学@Aliang zi li xue |
| 690 | @aO413.1@v5 | |
| 701 | 0 | @a朴权@Apiao quan@4著 |
| 702 | 0 | @a黄艳涛@Ahuang yan tao@4译 |
| 801 | 0 | @aCN@c20220910 |
| 905 | @a河南城建学院图书馆@dO413.1@eP688@f2 | |
| 量子化:量子如何改变世界/(韩) 朴权著/黄艳涛译.-北京:中译出版社,2022.06 |
| XV, 244页:图;23cm |
| ISBN 978-7-5001-7097-6:CNY68.00 |
| 通过阅读本书中关于现代物理学的根基、物质的构成和计算机等有趣的故事, 可以看到不拘泥于教科书的现代量子物理学所呈现的生动世界观, 并体会到深藏于作者内心深处的、关于生命之谜的乐趣。愿读者在阅读、思考和探索的同时, 可以尽情地体验宇宙、物理和人生的奥秘。书中的插图均由作者亲手绘制。 |
| ● |
| 相关链接 |
|
|
|
正题名:量子化
索取号:O413.1/P688
 
预约/预借
| 序号 | 登录号 | 条形码 | 馆藏地/架位号 | 状态 | 备注 |
| 1 | 1578601 | 215786013 | 自科库401/401自科库 57排6列5层/ [索取号:O413.1/P688] | 在馆 | |
| 2 | 1578602 | 215786022 | 自科库401/401自科库 57排6列5层/ [索取号:O413.1/P688] | 在馆 |